Normal view
MARC view
- الحضارة الاسلامية،التاريخ الاسلامي
Entry Topical Term
001 - CONTROL NUMBER
- control field: 52278
003 - CONTROL NUMBER IDENTIFIER
- control field: JO-AjAnu
005 - DATE AND TIME OF LATEST TRANSACTION
- control field: 20230606082608.0
008 - FIXED-LENGTH DATA ELEMENTS
- fixed length control field: 230606|| aca||aabn | a|a d
040 ## - CATALOGING SOURCE
- Original cataloging agency: JO-AjAnu
- Transcribing agency: JO-AjAnu
150 ## - HEADING--TOPICAL TERM
- Topical term or geographic name entry element: الحضارة الاسلامية،التاريخ الاسلامي
670 ## - SOURCE DATA FOUND
- Source citation: Work cat.: (JO-AjAnu)26716: تحرير الجالودي، عليان ؛ فكرة واشراف وتنفيذ المعهد العالمي للفكر الاسلامي مكتب الاردن ،ملكاوي، فتحي حسن مشرف، عكاشة، رائد جميل مشرف، أبو غزالة، ماجد فوزي مشرف, author 52277, التحولات الفكرية في العالم الإسلامي: أعلام، وكتب، وحركات، وأفكار من القرن العاشر الى الثاني عشر الهجري